000 00454nam a2200169Ia 4500
003 GCL
008 140319s9999 xx 000 0 eng d
040 _aGCL /
_cGCL
082 0 4 _a574.015.195
_bB S
100 1 _aBAILEY, NORMAN T. J.
245 1 0 _aSTATISTICAL METHODS IN BIOLOGY /
_cBAILEY, NORMAN T. J.
260 _a[S.N] :
_bCAMBRIBGE UNIVERSITY PRESS ،
_c1994
300 _a255\P
650 0 4 _aSTATISTICS
650 0 4 _aBIOLOGY
942 _2ddc
_cBK
999 _c20145
_d20145